000 00634nam a2200193Ia 4500
003 GCL
008 140319s9999 xx 000 0 ara d
040 _aGCL /
_cGCL
082 0 4 _a189.9
_bا د
100 1 _aاحمد زلط
245 1 0 _aالدكتور محمد حسين هيكل بين الحضارتين الاسلامية والغربية /
_cاحمد زلط
260 _a[S.N] :
_bالهيئة المصرية العامة للكتاب ،
_c1988
300 _a193 ص
490 _a
650 0 4 _aالفلسفة الاسلامية
650 0 4 _aالفلسفة
650 0 4 _aالفلسفة الحديثة
942 _2ddc
_cBK
999 _c30822
_d30822